[Event "Warsaw Najdorf Memorial op-B"]
[Site "Warsaw"]
[Date "2023.07.12"]
[Round "2"]
[White "Kitewski, Bartosz"]
[Black "Piotrowski, Daniel"]
[Result "1-0"]
[WhiteElo "1971"]
[BlackElo "1768"]
[PlyCount "81"]
[EventDate "2023.07.11"]
[EventType "swiss"]
[EventRounds "9"]
[EventCountry "POL"]
[SourceTitle "EXT 2024"]
[Source "ChessBase"]
[SourceDate "2023.10.10"]
[SourceVersion "1"]
[SourceVersionDate "2023.10.10"]
[SourceQuality "1"]

1. c4 c5 2. Nc3 Nc6 3. g3 g6 4. Bg2 Bg7 5. Nf3 e5 6. 0-0 Nge7 7. d3 0-0 8. a3 d6 9. Rb1 a5 10. Ne1 Be6 11. h3 Qd7 12. Kh2 d5 13. cxd5 Nxd5 14. Nc2 Rab8 15. Ne4 b6 16. Ng5 Rfe8 17. Nxe6 Qxe6 18. Ne3 Nf6 19. Nc4 Nd5 20. Bd2 f5 21. e4 Nde7 22. Ne3 Nd4 23. b4 axb4 24. exf5 gxf5 25. axb4 f4 26. Nc4 b5 27. Na5 cxb4 28. Bxb4 Nd5 29. Bd2 b4 30. Qh5 Nc3 31. Rxb4 Rxb4 32. Bxc3 f3 33. Bxb4 fxg2 34. Kxg2 Ra8 35. Nc4 Ra2 36. Bd2 Qc6+ 37. f3 Nb3 38. Rf2 Nxd2 39. Nxd2 Qc3 40. Qe8+ Bf8 41. Qe6+ 1-0

[Event "EU-ch Rapid"]
[Site "Katowice"]
[Date "2022.12.17"]
[Round "1"]
[White "Seo, Jung Min"]
[Black "Piotrowski, Daniel"]
[Result "1-0"]
[WhiteElo "2502"]
[BlackElo "1763"]
[PlyCount "81"]
[EventDate "2022.12.17"]
[EventType "swiss (rapid)"]
[EventRounds "11"]
[EventCountry "POL"]
[SourceTitle "CBM 211 Extra"]
[Source "ChessBase"]
[SourceDate "2023.01.31"]
[SourceVersion "1"]
[SourceVersionDate "2023.01.31"]
[SourceQuality "1"]

1. d4 d5 2. Bf4 c5 3. e3 Qb6 4. Nc3 Nf6 5. Nb5 Na6 6. c3 g6 7. h3 Bg7 8. Nf3 Bd7 9. a4 c4 10. b3 Bxb5 11. axb5 Qxb5 12. Nd2 Qc6 13. bxc4 dxc4 14. Bxc4 Nc7 15. 0-0 0-0 16. Qb3 Nfd5 17. Bxc7 Nxc7 18. Be2 Rfb8 19. Bf3 Qe6 20. Rfb1 a5 21. Qxe6 Nxe6 22. Rxb7 Rxb7 23. Bxb7 Ra7 24. Bd5 Nc7 25. Bb3 Nb5 26. c4 Nd6 27. c5 Nb7 28. Ra2 e5 29. Nf3 exd4 30. exd4 Kf8 31. Kf1 h6 32. Ke2 Ke7 33. Kd3 f5 34. Bd5 Nd8 35. Ra4 Ne6 36. Bxe6 Kxe6 37. Kc4 g5 38. d5+ Kd7 39. Nd4 f4 40. Nb3 Ra8 41. Rxa5 1-0

[Event "EU-ch Blitz"]
[Site "Katowice"]
[Date "2022.12.16"]
[Round "1"]
[White "Sahidi, Samir"]
[Black "Piotrowski, Daniel"]
[Result "1-0"]
[WhiteElo "2494"]
[BlackElo "1763"]
[PlyCount "101"]
[EventDate "2022.12.16"]
[EventType "swiss (blitz)"]
[EventRounds "22"]
[EventCountry "POL"]
[SourceTitle "CBM 211 Extra"]
[Source "ChessBase"]
[SourceDate "2023.01.31"]
[SourceVersion "1"]
[SourceVersionDate "2023.01.31"]
[SourceQuality "1"]

1. e4 c5 2. Nf3 e6 3. c3 Nf6 4. e5 Nd5 5. d4 cxd4 6. cxd4 d6 7. Bc4 Nb6 8. Bb3 Nc6 9. Qe2 dxe5 10. dxe5 Nb4 11. 0-0 Qd3 12. Qxd3 Nxd3 13. Nc3 Be7 14. Rd1 Nxc1 15. Raxc1 0-0 16. Nb5 Bd7 17. Nd6 Bc6 18. Nd4 Bd5 19. Rc7 Bd8 20. Rc2 Be7 21. Bxd5 Nxd5 22. Nxb7 Rab8 23. Na5 Nb4 24. Rcd2 Bg5 25. Re2 Nxa2 26. Ndc6 Rb5 27. g3 Nb4 28. f4 Nxc6 29. Nxc6 Rb6 30. Rd6 Bh6 31. Nxa7 Rb7 32. Nc6 g6 33. Kf2 Rc8 34. Rc2 Rbc7 35. Ne7+ Rxe7 36. Rxc8+ Kg7 37. b4 g5 38. Kf3 gxf4 39. gxf4 Rb7 40. Rd4 Kg6 41. Kg4 Bg7 42. h4 h5+ 43. Kf3 Ra7 44. Rc3 Ra1 45. Rb3 Bf8 46. Rc4 Be7 47. b5 Bxh4 48. b6 Rf1+ 49. Ke2 Rf2+ 50. Ke3 Rf1 51. b7 1-0

[Event "Warsaw Szansa op"]
[Site "Warsaw"]
[Date "2022.09.17"]
[Round "5"]
[White "Janeczko, Jakub"]
[Black "Piotrowski, Daniel"]
[Result "1-0"]
[WhiteElo "2159"]
[BlackElo "1758"]
[PlyCount "55"]
[EventDate "2022.09.17"]
[EventType "swiss (rapid)"]
[EventRounds "11"]
[EventCountry "POL"]
[SourceTitle "EXT 2023"]
[Source "ChessBase"]
[SourceDate "2022.10.05"]
[SourceVersion "1"]
[SourceVersionDate "2022.10.05"]
[SourceQuality "1"]

1. e4 c5 2. d3 Nc6 3. g3 g6 4. Bg2 Bg7 5. f4 e6 6. Nf3 Nge7 7. 0-0 d5 8. c3 0-0 9. Na3 a6 10. e5 d4 11. c4 b6 12. Nc2 a5 13. Qe2 Rb8 14. a4 Bb7 15. Bd2 Nb4 16. Nxb4 axb4 17. Be1 Ra8 18. b3 Bc6 19. g4 Qd7 20. Bh4 Nc8 21. Ng5 Bxg2 22. Qxg2 Na7 23. Ne4 f5 24. exf6 Bh8 25. a5 b5 26. Nxc5 Qd6 27. Ne4 Qc7 28. f5 1-0

[Event "POL-ch Academic"]
[Site "Chorzow"]
[Date "2021.05.14"]
[Round "1.4"]
[White "Piotrowski, Daniel"]
[Black "Gumularz, Szymon"]
[Result "0-1"]
[WhiteElo "1660"]
[BlackElo "2517"]
[PlyCount "107"]
[EventDate "2021.05.14"]
[EventType "swiss (rapid)"]
[EventRounds "9"]
[EventCountry "POL"]
[SourceTitle "CBM 202 Extra"]
[Source "ChessBase"]
[SourceDate "2021.07.31"]
[SourceVersion "1"]
[SourceVersionDate "2021.07.31"]
[SourceQuality "1"]

1. e4 g6 2. d4 Bg7 3. Nc3 d6 4. Be3 a6 5. Qd2 b5 6. a3 Nd7 7. Bd3 Bb7 8. Nge2 c5 9. dxc5 Nxc5 10. Ng3 h5 11. h4 Nf6 12. f3 Rc8 13. Be2 0-0 14. 0-0-0 Qa5 15. Kb1 Rfd8 16. Nd5 Qxd2 17. Rxd2 Nxd5 18. exd5 Be5 19. Ne4 Nxe4 20. fxe4 Kg7 21. g4 hxg4 22. Bxg4 Rc4 23. Bf3 Rh8 24. h5 gxh5 25. Rg2+ Kf8 26. Rxh5 Rxh5 27. Bxh5 Rxe4 28. Bh6+ Ke8 29. Rg8+ Kd7 30. Bxf7 Re1+ 31. Ka2 Rd1 32. Be6+ Kc7 33. Re8 Bf6 34. Bf8 Bxd5+ 35. Bxd5 Rxd5 36. Kb3 Rh5 37. Ra8 Rh8 38. Re8 Kd7 39. Ra8 Ke6 40. a4 Kf7 41. axb5 axb5 42. Rb8 Rxf8 43. Rxb5 e5 44. Kc4 Ke6 45. Kd3 d5 46. b3 e4+ 47. Ke2 Bd4 48. Ra5 Rf2+ 49. Kd1 e3 50. Ra8 Ke7 51. Rb8 Bc3 52. Rb7+ Ke6 53. Rb6+ Ke5 54. Kc1 0-1